00681nam a2200157 i 4500001000700000003000900007005001700016007000300033008004100036100003900077245018300116260003400299852002400333999001900357952014700376102361ES-MaACL20230906183108.0t|051110s1916 sp ||||1| spa d1 aMenéu y Menéu, Pascual.98035010aSobre estudios semíticos en España b: Discurso leído en la inaguración del curso académico de 1916 a 1917 en la Universidad de Salamanca / cPascual Menéu y Menéu. aSalamanca : b[s.n.], c1916. aES-MaACLj1536-F-10 c102361d102361 001040708Colección_de_folletosaATENEOMbATENEOMcDEPOFd2008-01-17eSCl0o1536-F-10p1106852r2023-02-23 00:00:00w2023-02-23yFOLLETOS